| 000 -LEADER |
| fixed length control field |
00780nam a2200157 a 4500 |
| 040 ## - CATALOGING SOURCE |
| Transcribing agency |
DLC |
| 082 00 - DEWEY DECIMAL CLASSIFICATION NUMBER |
| Classification number |
662 FOO 1985 C160 Or. |
| 245 00 - TITLE STATEMENT |
| Title |
Alternative sources of energy for agriculture : |
| Remainder of title |
proceedings of the international symposium : September 4-7, 1984, Taiwan Sugar Research Institute, Tainan, Taiwan, R.O.C. |
| 260 ## - PUBLICATION, DISTRIBUTION, ETC. (IMPRINT) |
| Place of publication |
Taiwan, Republic of China : |
| Name of publisher |
Food and Fertilizer Technology Center for the Asian and Pacific Region, |
| Year of publication |
[1985] |
| 300 ## - PHYSICAL DESCRIPTION |
| Number of Pages |
vi, 453 p. : |
| Other physical details |
ill. ; |
| Dimensions |
27 cm. |
| 500 ## - GENERAL NOTE |
| General note |
Papers ... presented at an International Symposium on Alternative Sources of Energy for Agriculture, held in Taiwan R.O.C. in September 1984"--Pref. |
| 650 #0 - SUBJECT ADDED ENTRY--TOPICAL TERM |
| Topical Term |
Renewable energy sources |
| 650 #0 - SUBJECT ADDED ENTRY--TOPICAL TERM |
| Topical Term |
Agriculture and energy |
| 710 2# - ADDED ENTRY--CORPORATE NAME |
| Corporate name or jurisdiction name as entry element |
Asian and Pacific Council. |
| 942 ## - ADDED ENTRY ELEMENTS (KOHA) |
| Koha item type |
ADB |
| 952 ## - LOCATION AND ITEM INFORMATION (KOHA) |
| Withdrawn status [LOCAL, KOHA] |
0 |